| 000 | 01187nam a22002777a 4500 | ||
|---|---|---|---|
| 005 | 20101206113148.0 | ||
| 008 | 101206t xxu||||| |||| 00| 0 hin d | ||
| 010 | _aHIN-93268 | ||
| 020 |
_c250.00 _a8190251236 |
||
| 035 | _aHN-65614 | ||
| 037 | _bDBAD/PUB | ||
| 040 |
_aDPL _bHN |
||
| 082 | _aक | ||
| 100 |
_924598 _aप्रभाकर, विष्णु |
||
| 245 |
_aमेरा वतनः _cविष्णु प्रभाकर _bसांप्रदायिकता विरोधी कहानियाँ / |
||
| 246 |
_amera vatan _bby Vishnu Prabhakar |
||
| 260 |
_aदिल्ली _bअग्रगामी प्रकाशन _c2010 |
||
| 270 |
_bदिल्ली _aवी-8, नवीन शाहदरा _e110032 |
||
| 300 |
_a152पृ. _c22सेमी (सजिल्द) |
||
| 650 |
_91169 _aलघु कथाएँ, हिन्दी |
||
| 650 |
_929580 _aShort Stories, Hindi |
||
| 700 | _924599 | ||
| 700 | _924924 | ||
| 942 |
_2ddc _cHN _mप्रभाक _hक |
||
| 999 |
_c54033 _d54033 |
||